000 00610nam a2200181Ia 4500
003 IN-BaIIA
008 211028s9999 xx 000 0 eng d
040 _cIIA Library
080 _a524.3-54
_bHER
100 _aHerman, Jacobus
_913281
245 4 _aThe nature of OH/IR stars
_bproperties and characteristics of an evolved stellar population
_cJacobus Herman
260 _aLeiden
_bBeugelsdijk
_c1983
300 _a188p.
650 _aAstronomy and astrophysics thesaurus
650 _aDisk populations
_913282
650 _aStellar populations
_93380
942 _cBK
999 _c7869
_d7869